ARRUPE JESUIT UNIVERSITY

CORONAVIRUS -STOP THE SPREAD - CLEAN,DISINFECT,COVER

Cecil Rhodes and the princess (Record no. 118639)

MARC details
000 -LEADER
fixed length control field 00416nam a22001457a 4500
008 - FIXED-LENGTH DATA ELEMENTS--GENERAL INFORMATION
fixed length control field 131122b xxu||||| |||| 00| 0 eng d
050 ## - LIBRARY OF CONGRESS CALL NUMBER
Classification number SPC DT776.R4.R6
100 ## - MAIN ENTRY--PERSONAL NAME
Personal name Roberts, Brian
9 (RLIN) 3678
245 ## - TITLE STATEMENT
Title Cecil Rhodes and the princess
260 ## - PUBLICATION, DISTRIBUTION, ETC. (IMPRINT)
Place of publication, distribution, etc London
Name of publisher, distributor, etc Hamish Hamilton
Date of publication, distribution, etc 1969
300 ## - PHYSICAL DESCRIPTION
Extent 405p.
Dimensions 21cm
600 ## - SUBJECT ADDED ENTRY--PERSONAL NAME
Personal name Badziwill, Ekaterina
9 (RLIN) 7471
600 ## - SUBJECT ADDED ENTRY--PERSONAL NAME
Personal name Rhodes, Cecil John;
9 (RLIN) 7472
942 ## - ADDED ENTRY ELEMENTS (KOHA)
Source of classification or shelving scheme Library of Congress Classification
Item type REFERENCE
Holdings
Withdrawn status Lost status Source of classification or shelving scheme Damaged status Not for loan Home library Current library Date acquired Total Checkouts Full call number Barcode Date last seen Price effective from Koha item type
    Library of Congress Classification     ARRUPE LIBRARY ARRUPE LIBRARY 22/11/2013   SPC DT776.R4R6 464122742 22/11/2013 22/11/2013 Monograph ( Printed materials)

 

Arrupe Library. PO Box MP320 Mt Pleasant, Harare, Zimbabwe
263 242 745411|librarian@aju.ac.zw